banner-ar

اللغة والفكر : وهى اربع محاضرات القاها اعضاء هيئة التدريس بالمعهد ومعها تقرير عن تجربة اجريت فى تعليم مبادى القراءة والكتابة (هدية من الاديب عبدالفتاح الجمل) / (Record no. 47406)

MARC details
000 -الفاتح
حقل البيانات ثابتة الطول 00976nam a2200217Ia 4500
008 - عناصر البيانات ثابتة الطول - معلومات عامة
حقل البيانات ثابتة الطول 140319s9999 xx 000 0 ara d
040 ## - مصدر الفهرسة
وكالة الفهرسة الأصلية GCL /
وكالة النسخ GCL
082 04 - رقم تصنيف ديوى العشرى
رقم التصنيف 370.71
رقم المادة ع ل
100 1# - المدخل الرئيسى - إسم شخصى
الإسم الشخصى عبدالعزيز القوصى
245 10 - بيان العنوان
العنوان اللغة والفكر : وهى اربع محاضرات القاها اعضاء هيئة التدريس بالمعهد ومعها تقرير عن تجربة اجريت فى تعليم مبادى القراءة والكتابة (هدية من الاديب عبدالفتاح الجمل) /
بيان المسئوليه,etc عبدالعزيز القوصى
700 1# - المدخل الاضافى - اسم شخصى
الإسم الشخصى محمد سعيد قدرى
700 1# - المدخل الاضافى - اسم شخصى
الإسم الشخصى جاكسون، ستانلى
700 1# - المدخل الاضافى - اسم شخصى
الإسم الشخصى محمد فؤاد جلال
300 ## - الوصف المادى
التعداد 137 ص
490 ## - بيان السلسلة
عنوان السلسلة مطبوعات معهد التربية العالى للمعلمين
رقم المجلد/ التعيين التسلسلي 0
650 04 - المدخل الاضافى بالموضوع-مصطلح موضوعى
مصطلح موضوعي طرق التدريس
650 04 - المدخل الاضافى بالموضوع-مصطلح موضوعى
مصطلح موضوعي القراءة - طرق تدريس
650 04 - المدخل الاضافى بالموضوع-مصطلح موضوعى
مصطلح موضوعي الكتاب - طرق التدريس
942 ## - عناصر المدخل الإضافي( كوها)
مصدر التصنيف او مخطط الترفيف Dewey Decimal Classification
Koha [default] item type كتاب
Holdings
حالة التراجع حالة الفقد حالة تلف ليس للاعارة المكان المؤقت الموقع الحالى تاريخ الاكتساب اجمالي اﻻعارات رقم الطلب الباركود تاريخ اخر مشاهدة تاريخ تفعيل السعر نوع وعاء كوها
        مكتبة القاهرة الكبرى مكتبة القاهرة الكبرى 03/26/2014   370.71\ع ل 114587 03/26/2014 03/26/2014 كتاب

Powered By

EGPV